Uma chance na vida / (Record no. 467)

MARC details
000 -LÍDER
campo de controle de tamanho fixo 01144nam a22003014a 4500
001 - NÚMERO DE CONTROLE
campo de controle 467
003 - IDENTIFICADOR DO NÚMERO DE CONTROLE
campo de controle OSt
005 - DATA E HORÁRIO DA ÚLTIMA TRANSAÇÃO
campo de controle 20250902072123.0
008 - CAMPO DE DADOS FIXOS--INFORMAÇÃO GERAL
campo de controle de tamanho fixo 250902b |||||||| |||| 00| 0 eng d
020 ## - ISBN - INTERNATIONAL STANDARD BOOK NUMBER
ISBN - International Standard Book Number 8526215493
040 ## - FONTE DA CATALOGAÇÃO
Idioma da catalogação por
041 ## - CÓDIGO DE IDIOMA
Código do idioma do original e/ou traduções intermediárias do texto por
082 04 - CDD - CLASSIFICAÇÃO DECIMAL DE DEWEY
Número de Classificação 028.5
Número do exemplar A663u
100 1# - ENTRADA PRINCIPAL--NOME PESSOAL
Nome pessoal Araújo, Inácio,
Datas associadas ao nome 1948-
9 (RLIN) 1005
245 14 - TÍTULO
Título Uma chance na vida /
Indicação de responsabilidade, etc. Inacio Araujo ; ilustrado por Julio Mendonça ; -
250 ## - EDIÇÃO
Declaração de edição 4. ed. -
260 ## - PUBLICAÇÃO, DISTRIBUIÇÃO, ETC.
Local de publicação, distribuição, etc. São Paulo :
Nome do editor, distribuidor, etc. Scipione,
Data da publicação, distribuição, etc. 1994.
300 ## - DESCRIÇÃO FÍSICA
Extensão 77p. :
Outros detalhes físicos il. ;
520 ## - NOTA DE RESUMO, ETC.
Resumo, etc. Passando férias em uma cidade nas montanhas, Heitor conheceu Sílvia, por quem ficou perdidamente apaixonado. Porém, o jeito extrovertido de seu amigo Pedro fez com que ele se sentisse inseguro e cada vez mais isolado. Disposto a chamar a atenção de Sílvia de qualquer maneira, Heitor resolveu saltar a cavalo sobre um perigoso barranco.<br/>
650 #0 - ASSUNTO--TERMO TÓPICO
Cabeçalho tópico ou nome geográfico Literatura Brasileira
9 (RLIN) 205
650 #0 - ASSUNTO--TERMO TÓPICO
Cabeçalho tópico ou nome geográfico Infantojuvenil
9 (RLIN) 200
650 #0 - ASSUNTO--TERMO TÓPICO
Cabeçalho tópico ou nome geográfico Amor e Paixão
9 (RLIN) 25
655 #0 - TERMO DE ÍNDICE--GÊNERO E FORMA
Gênero/forma/ou termo foco Romance
655 #0 - TERMO DE ÍNDICE--GÊNERO E FORMA
Gênero/forma/ou termo foco Ficção
700 1# - ENTRADA ADICIONADA - NOME PESSOAL
Nome pessoal Mendonça, Julio.
Títulos e outras palavras associadas a um nome (Ilustrador)
9 (RLIN) 1006
830 ## - ENTRADA SECUNDÁRIA DE SÉRIE--TÍTULO UNIFORME
Título uniforme Diálogo
9 (RLIN) 997
942 ## - ELEMENTOS DE ENTRADA ADICIONADOS (KOHA)
Fonte de classificação ou esquema de arquivamento Classificação decimal de Dewey
Ocultar no OPAC Não
Tipo de material Koha Livros
Holdings
Situação do descarte Situação das perdas Fonte de classificação ou esquema de arquivamento Status danificado Não pode ser emprestado Coleção Biblioteca de origem Biblioteca atual Localização na estante Data de aquisição Fonte de aquisição Total de empréstimos Número de chamada completo Código de barras Data de último acesso Data do preço efetivo Tipo de material Koha
    Classificação decimal de Dewey     Ficção Biblioteca Professor Eduardo Afonso de Castro Biblioteca Professor Eduardo Afonso de Castro Infanto Juvenil 02.09.2025 doação   028.5 / A663u 2025-17397 01.09.2025 02.09.2025 Livros

Powered by Koha